000 00296 a2200109 4500
001 ART_39921
005 20260410161841.0
008 260409a
245 1 0 _aLa salida de la privatización
100 1 _aMata, Ismael
773 0 _tRAP
_g- Año 38, Nº 453 (jun. 2016)
_wREV5941
999 _c24108
_d24108